[Event "BCF-ch U12 rapid"]
[White "Mittal, Siddharth"]
[Black "Singh, Avyanna"]
[Site "Hull"]
[Round "7"]
[Result "0-1"]
[Date "2024.07.27"]
[WhiteElo "808"]
[BlackElo "1594"]
[PlyCount "80"]
[EventDate "2024.07.26"]
[EventType "swiss (rapid)"]
[EventRounds "9"]
[EventCountry "ENG"]
[SourceTitle "CBM 221 Extra"]
[Source "ChessBase"]
[SourceDate "2024.09.30"]
[SourceVersion "1"]
[SourceVersionDate "2024.09.30"]
[SourceQuality "1"]

1. d4 d5 2. Nf3 Nf6 3. Bf4 e6 4. e3 c5 5. c3 Nc6 6. Bd3 h6 7. 0-0 Bd6 8. Bxd6 Qxd6 9. Nbd2 0-0 10. Qe2 e5 11. e4 Re8 12. Rae1 Bg4 13. h3 Bh5 14. g4 Bg6 15. Nxe5 Nxe5 16. dxe5 Qxe5 17. exd5 Qxe2 18. Rxe2 Bxd3 19. Rxe8+ Rxe8 20. Rd1 Ne4 21. Nb3 Bc2 22. Re1 Bxb3 23. axb3 Nd6 24. Ra1 a6 25. Ra5 Rc8 26. b4 Nc4 27. bxc5 Nxa5 28. d6 Rxc5 29. d7 Rd5 30. b4 Nc4 31. Kg2 Rxd7 32. Kf3 b5 33. Ke4 Kf8 34. f4 g6 35. f5 f6 36. g5 Rd3 37. Kxd3 h5 38. Ke2 h4 39. Kf3 Ne5+ 40. Kf4 Nc4 0-1

[Event "BCF-ch U12 blitz"]
[White "Eru, Jake"]
[Black "Mittal, Siddharth"]
[Site "Hull"]
[Round "4"]
[Result "1-0"]
[Date "2024.07.25"]
[WhiteElo "880"]
[BlackElo "808"]
[PlyCount "81"]
[EventDate "2024.07.25"]
[EventType "swiss (blitz)"]
[EventRounds "9"]
[EventCountry "ENG"]
[SourceTitle "CBM 221 Extra"]
[Source "ChessBase"]
[SourceDate "2024.09.30"]
[SourceVersion "1"]
[SourceVersionDate "2024.09.30"]
[SourceQuality "1"]

1. e4 e5 2. Nf3 Nc6 3. Bc4 Nf6 4. Nc3 Bc5 5. d3 Na5 6. Bb3 Nxb3 7. cxb3 a6 8. 0-0 0-0 9. Nxe5 d6 10. Nf3 Bg4 11. Bg5 h6 12. Bxf6 Qxf6 13. Nd5 Qd8 14. a3 c6 15. Nc3 d5 16. exd5 cxd5 17. b4 Ba7 18. d4 Bxf3 19. Qxf3 Bb8 20. Nxd5 Qd6 21. g3 Qe5 22. Rfd1 Bd6 23. Nb6 Rad8 24. dxe5 Bxe5 25. Rxd8 Rxd8 26. Rb1 g5 27. Qf5 Bg7 28. Nc4 Rc8 29. Nd6 Rf8 30. Nxb7 f6 31. Nc5 Ra8 32. Nd7 Kf7 33. Qd5+ Kg6 34. Qxa8 h5 35. Qxa6 h4 36. Qd3+ Kf7 37. Re1 hxg3 38. fxg3 Bh6 39. Qd5+ Kg6 40. Rf1 Bg7 41. Qf5+ 1-0

[Event "BCF-ch U12 blitz"]
[White "Mittal, Siddharth"]
[Black "Pitel, Benedikt"]
[Site "Hull"]
[Round "1"]
[Result "0-1"]
[Date "2024.07.25"]
[WhiteElo "808"]
[BlackElo "1624"]
[PlyCount "46"]
[EventDate "2024.07.25"]
[EventType "swiss (blitz)"]
[EventRounds "9"]
[EventCountry "ENG"]
[SourceTitle "CBM 221 Extra"]
[Source "ChessBase"]
[SourceDate "2024.09.30"]
[SourceVersion "1"]
[SourceVersionDate "2024.09.30"]
[SourceQuality "1"]

1. e4 c6 2. Nf3 d5 3. exd5 cxd5 4. d4 Nc6 5. Nc3 Nf6 6. Bb5 Bg4 7. h3 Bh5 8. g4 Bg6 9. Bf4 e6 10. a3 Bd6 11. Bxd6 Qxd6 12. Ne5 0-0 13. Qf3 Nxd4 14. Qe3 Nxc2+ 15. Kf1 Nxe3+ 16. Ke2 Qxe5 17. Rad1 Nxd1+ 18. Kxd1 Rac8 19. Re1 Qd4+ 20. Ke2 Ne4 21. Nxe4 Bxe4 22. f3 Rc2+ 23. Kf1 Qf2# 0-1